书目信息 |
| 题名: |
战胜考试焦虑
|
|
| 作者: | 刘翔平 主编 | |
| 分册: | ||
| 出版信息: | 北京 北京出版社 2001 |
|
| 页数: | 215页 | |
| 开本: | 20cm | |
| 丛书名: | 21世纪心理健康丛书 | |
| 单 册: | ||
| 中图分类: | G424.74 | |
| 科图分类: | ||
| 主题词: | 考试--学习心理学 | |
| 电子资源: | ||
| ISBN: | 7-200-04303-6 | |
| 000 | 00869oam2 2200253 450 | |
| 001 | 1538577582 | |
| 005 | 20150125104314.64 | |
| 010 | @a7-200-04303-6@dCNY13.00 | |
| 100 | @a20010731d2001 em y0chiy0110 ea | |
| 101 | 0 | @achi |
| 102 | @aCN@b110000 | |
| 105 | @ay z 000yy | |
| 200 | 1 | @a战胜考试焦虑@9zhan sheng kao shi jiao lv@e考生必备的心理素质@f刘翔平主编 |
| 210 | @a北京@c北京出版社@d2001 | |
| 215 | @a215页@d20cm | |
| 225 | 2 | @a21世纪心理健康丛书@h第二辑 |
| 330 | @a本书包括:时间的管理、开发利用信息资源、战胜身心疲劳、战胜考试焦虑、如何保持临考前的最佳状态、考场上的心理拼搏、考生考后的心态调整等内容。 | |
| 461 | 0 | @12001 @a21世纪心理健康丛书 |
| 462 | 0 | @12001@a21世纪心理健康丛书@h第二辑 |
| 606 | 0 | @a考试@x学习心理学 |
| 690 | @aG424.74@v5 | |
| 701 | 0 | @a刘翔平@9liu xiang ping@4主编 |
| 801 | 0 | @aCN@bTSSF@c20150125 |
| 905 | @aZUCC@dG424.74@eJY1 | |
| 战胜考试焦虑:考生必备的心理素质/刘翔平主编.-北京:北京出版社,2001 |
| 215页;20cm.-(21世纪心理健康丛书.第二辑) |
| ISBN 7-200-04303-6:CNY13.00 |
| 本书包括:时间的管理、开发利用信息资源、战胜身心疲劳、战胜考试焦虑、如何保持临考前的最佳状态、考场上的心理拼搏、考生考后的心态调整等内容。 |
| ● |
| 相关链接 |
|
|
|
|
正题名:战胜考试焦虑
索取号:G424.74/JY1
 
预约/预借
| 序号 | 登录号 | 条形码 | 馆藏地/架位号 | 状态 | 备注 |
| 1 | 7858691 | 278586914 | 学院路分馆/ [索取号:G424.74/JY1] | 在馆 |